[Event "BEL-chT 2324"]
[Site "Belgium"]
[Date "2024.02.18"]
[Round "8.6"]
[White "Goormachtigh, Johan"]
[Black "Marchand, Werner"]
[Result "1-0"]
[WhiteElo "2137"]
[BlackElo "1812"]
[PlyCount "81"]
[EventDate "2023.09.24"]
[EventType "team-tourn"]
[EventRounds "11"]
[EventCountry "BEL"]
[SourceTitle "EXT 2025"]
[Source "ChessBase"]
[SourceDate "2024.10.14"]
[SourceVersion "1"]
[SourceVersionDate "2024.10.14"]
[SourceQuality "1"]
[WhiteTeam "KGSRL"]
[BlackTeam "KOSK"]
[WhiteTeamCountry "BEL"]
[BlackTeamCountry "BEL"]

1. d4 d5 2. Nf3 Nf6 3. c4 c6 4. Nc3 e6 5. Bg5 Be7 6. e3 h6 7. Bh4 0-0 8. Bd3 Nbd7 9. 0-0 b6 10. cxd5 Nxd5 11. Bg3 Nxc3 12. bxc3 Bb7 13. Qe2 Re8 14. Rad1 Bf6 15. e4 e5 16. Rfe1 Qe7 17. Bc4 a5 18. a4 Rad8 19. Qa2 Rf8 20. Qb3 Rb8 21. dxe5 Nxe5 22. Nxe5 Bxe5 23. Qxb6 Bxg3 24. hxg3 Kh8 25. Qxa5 Ra8 26. Qb4 Qxb4 27. cxb4 Rxa4 28. Rd7 Rxb4 29. Bxf7 c5 30. e5 Bc8 31. Rc7 Rb7 32. Rxb7 Bxb7 33. e6 Bc6 34. Bh5 Rf6 35. e7 g6 36. e8Q+ Bxe8 37. Rxe8+ Kg7 38. Bf3 Rf5 39. Rc8 Re5 40. Kf1 Kf6 41. Rc6+ 1-0